Contemporary Project Management : Organize/ Plan/ Perform. (Record no. 3945)

MARC details
005 - DATE AND TIME OF LATEST TRANSACTION
control field 20250613081255.0
020 ## - INTERNATIONAL STANDARD BOOK NUMBER
International Standard Book Number 978-81-315-1871-7
082 ## - DEWEY DECIMAL CLASSIFICATION NUMBER
Classification number LECT 658.404 KLO
100 ## - MAIN ENTRY--PERSONAL NAME
Author name KLOPPENBORG, T. J.
245 ## - TITLE STATEMENT
Title Contemporary Project Management : Organize/ Plan/ Perform.
250 ## - EDITION STATEMENT
Edition statement 2nd Ed.
260 ## - PUBLICATION, DISTRIBUTION, ETC.
Place of publication, distribution, etc. New Delhi,
Name of publisher, distributor, etc. Cengage Learning,
Date of publication, distribution, etc. 2012.
300 ## - PHYSICAL DESCRIPTION
Extent xxi, 425p.: ill.; chart, picture, table
Other physical details Glossary & Index
Dimensions 23cm.
856 ## - ELECTRONIC LOCATION AND ACCESS
Link text Access Online Book
Electronic name Contemporary Project Management
Path www.cengage.co.in
942 ## - ADDED ENTRY ELEMENTS (KOHA)
Source of classification or shelving scheme Dewey Decimal Classification
Koha item type Books
Holdings
Date last seen Total checkouts Full call number Barcode Cost, replacement price Price effective from Koha item type Lost status Source of classification or shelving scheme Damaged status Not for loan Withdrawn status Home library Current library Shelving location Date acquired Cost, normal purchase price
06/27/2025   658JON DOM0002194 75000.00 06/27/2025 Books   Dewey Decimal Classification       CBE Dodoma CBE Dodoma General Collection 10/27/2017 25000.00
06/13/2025   LECT 658.404 KLO 00000012933 75000.00 06/13/2025 Books   Dewey Decimal Classification       College of Business Education Main Library College of Business Education Main Library General Collection 10/27/2017 25000.00
06/13/2025   LECT 658.404 KLO 00000012934 75000.00 06/13/2025 Books   Dewey Decimal Classification       College of Business Education Main Library College of Business Education Main Library General Collection 10/27/2017 25000.00